00359 a2200097 4500020001500000082001700015245011000032260003100142300003700173650005100210 a1844070042 a363.6109 UNI aWater and Sanitation in the World's Cities Local Action for Global GoalcUnited Nations Human Settlements aLondon :bEarthscan,c2003 axxv, 274p. :bcol, ill. ;c30 cm aMunicipal Water Supply -- Developing Countries